000 00334pab a2200145 454500
008 180718b1989 xxu||||| |||| 00| 0 eng d
100 _aBoxer, Baruch
245 _aChina's environmental prospects
260 _c1989
300 _a669-86
362 _aJul.
650 _aEnvironment - China
773 _aAsian Survey
909 _a7714
999 _c7714
_d7714